00483 2200193 4500245004800000020002200048250001100070700000900081700000600090100002100096700001300117650001700130005001900147260004100166041001400207084001300221300002000234336003500254 aKoro Sensei Quest !cWanatabe, KizukuhText a978-623-00-0683-8 aCet. 1 aTari aM aWanatabe, Kizuku aAoto, Jo aKomik Jepang a20230531085550 aJakartabElex Media Komputindoc2016 aIndonesia a741.5592 ailus. :c17 cm. atactile three-dimensional form